Niemcy: Landy, ich stolice i największe miasta - Statystyki

Ogólne statystyki
  • Ten quiz został rozwiązany 299 razy
    244 od ostatniego zresetowania
  • Średni wynik to 23 z 36
Odpowiedzi na mapie
Odpowiedzi zakodowano w zielono-czerwonej skali na mapie do tego quizu, zgodnie z poniższymi procentami.
 
Statystyki odpowiedzi
Land % Poprawnych
Berlin
98%
Berlin
98%
Hamburg
96%
Hamburg
96%
Monachium
95%
Bawaria
90%
Drezno
85%
Brema
84%
Brema
84%
Saksonia
83%
Kolonia
77%
Brandenburgia
76%
Frankfurt
75%
Lipsk
75%
Meklemburgia-Pomorze Przednie
68%
Poczdam
68%
Stuttgart
64%
Szlezwik-Holsztyn
61%
Dusseldorf
60%
Nadrenia Północna-Wesfalia
60%
Dolna Saksonia
58%
Hanower
58%
Rostock
58%
Saara
57%
Kilonia
56%
Saksonia-Anhalt
56%
Hesja
54%
Turyngia
54%
Badenia-Wirtembergia
52%
Saarbrucken
45%
Nadrenia-Palatynat
42%
Magdeburg
39%
Erfurt
35%
Moguncja
33%
Schwerin
24%
Wiesbaden
17%
Nie znaleziono quizów pasujących do podanych kryteriów
Rozkład punktacji
Procent ludzi z każdym wynikiem
Percentyl według liczby udzielonych odpowiedzi
Twoja historia wyników
Nie rozwiązałeś tego quizu od ostatniego zresetowania